000 00718nam a2200205 i 4500
001 183420
003 ES-MaACL
005 20251015063154.0
008 140416s1914 it | |||| ||ita d
100 1 _aGuarini, Battista,
_d1538-1612
_9127590
245 1 0 _aEl Pastor Fido
_b: e il Compendio della poesia tragicomica /
_cGiambattista Guarini ; a cura di Gioachino Brognoligo.
260 _aBari :
_bGius. Laterza & Figli,
_c1914.
300 _a310 p. ;
_c22 cm.
490 1 _aScrittori d'Italia ;
_v61
700 1 _aBrognoligo, Gioachino.
_9154744
740 0 _aCompendio della poesia tragicomica.
830 0 0 _aScrittori d'Italia
_v61
_9191925
852 _aES-MaACL
_jG-3762
999 _c183420
_d183420